Statistics for Dua Lipa - Future Nostalgia Album

Click here to take the quiz!

General Stats

  • This quiz has been taken 129 times
  • The average score is 8 of 11

Answer Stats

Titles% Correct
4Physical
90%
5Levitating
88%
1Future Nostalgia
83%
2Don’t Start Now
80%
8Love Again
75%
9Break my Heart
73%
11Boys will be Boys
70%
7Hallucinate
69%
3Cool
65%
10Good in Bed
62%
6Pretty Please
61%

Score Distribution

Percentile by Number Answered

Percent of People with Each Score

Your Score History

You have not taken this quiz